| 000 | 00813cam a22002535a 4500 | ||
|---|---|---|---|
| 001 | L154247 | ||
| 008 | 111006s2011 xxko f 000 0 eng d | ||
| 020 | _a9781848062252 | ||
| 035 | _a(Sirsi) u154247 | ||
| 041 | 0 | _aeng | |
| 100 | 1 | _aSutton, Andy | |
| 245 | 0 | 0 |
_aHemp lime _ban introduction to low-impact building materials |
| 260 |
_aWatford _bBRE _c2011 |
||
| 300 |
_a6p. _bill. _c30cm. |
||
| 490 | 0 |
_aBRE Information Paper _v(14/11) |
|
| 520 | _aConsiders the pros and cons of using hemp lime walls for non-loadbearing walls in construction. | ||
| 521 | _aAdvanced | ||
| 590 | _aKA | ||
| 651 | 4 |
_aUnited Kingdom _y |
|
| 690 | _aBUILT ENVIRONMENT-BUILDING MATERIALS-NON TIMBER ANIMAL AND VEGETABLE MATERIALS-VEGETABLE MATERIAL | ||
| 700 | 1 | _aBlack, Daniel | |
| 700 | 1 | _aWalker, Peter | |
| 942 | _n0 | ||
| 999 |
_c112902 _d112902 |
||